[Event "2BLS 2324 OSG Baden-Baden II - SK Schmid"]
[Site "?"]
[Date "2024.02.25"]
[Round "8.8"]
[White "Riff, Jean-Noel"]
[Black "Soeroes, Martin"]
[Result "1-0"]
[WhiteElo "2405"]
[BlackElo "1984"]
[PlyCount "125"]
[EventDate "2024.??.??"]

1. e4 Nc6 2. Nf3 d6 3. d4 Nf6 4. c3 e5 5. Bb5 Bd7 6. O-O Be7 7. Re1 O-O 8. Ba4 Rb8 9. h3 b5 10. Bb3 Qc8 11. Nbd2 Re8 12. Nf1 h6 13. Ng3 Bf8 14. Be3 a5 15. a3 a4 16. Ba2 Na5 17. Nd2 c5 18. Qf3 Qd8 19. Rad1 Qe7 20. Ndf1 Nc4 21. Bxc4 bxc4 22. dxc5 dxc5 23. Bc1 Be6 24. Ne3 Qb7 25. Nef5 Nh7 26. Qe2 Rbd8 27. Ne3 Qb5 28. Nd5 Rd7 29. Nf1 Red8 30. Nfe3 Ng5 31. f3 Bxd5 32. exd5 f6 33. Qc2 Nf7 34. Qg6 Nh8 35. Qg4 Qa6 36. h4 g6 37. h5 g5 38. Qe4 Bg7 39. g4 Nf7 40. Nxc4 Qb7 41. Ne3 Nd6 42. Qxa4 Re7 43. Nc4 f5 44. Nxd6 Rxd6 45. gxf5 Qc8 46. Qg4 Rf7 47. f6 Qxg4+ 48. fxg4 Bxf6 49. Be3 Rc7 50. c4 Kf7 51. b4 cxb4 52. c5 Ra6 53. axb4 Rb7 54. Rb1 Ke8 55. b5 Ra4 56. c6 Rxg4+ 57. Kf1 Rf7 58. Ke2 e4 59. Rf1 Be5 60. Rxf7 Kxf7 61. Rf1+ Ke7 62. Bc5+ Kd8 63. Rf8+ 1-0

[Event "2BLS 2324 SC Eppingen - TSV Schönaich"]
[Site "?"]
[Date "2024.02.25"]
[Round "8.1"]
[White "Koelle, Tobias"]
[Black "Noe, Christopher"]
[Result "1/2-1/2"]
[WhiteElo "2456"]
[BlackElo "2526"]
[PlyCount "102"]
[EventDate "2024.??.??"]

1. d4 d5 2. c4 e6 3. Nf3 dxc4 4. e3 Nf6 5. Bxc4 a6 6. O-O c5 7. dxc5 Bxc5 8. Qxd8+ Kxd8 9. Rd1+ Ke7 10. Be2 b6 11. Nc3 Nbd7 12. Na4 Bd6 13. Ng5 b5 14. Nc3 Bb4 15. Bd2 Bb7 16. Bf3 Bxf3 17. Nxf3 Rhc8 18. Rac1 Bd6 19. Ne2 Ne4 20. Rxc8 Rxc8 21. Rc1 Rc5 22. Be1 Nb6 23. Rxc5 Nxc5 24. Nc1 f6 25. Kf1 e5 26. Ke2 Nd5 27. h3 Na4 28. b3 Nc5 29. Kd1 Ne4 30. Kc2 Bb4 31. Nd3 Bxe1 32. Nfxe1 a5 33. a3 Kd6 34. Kc1 Ndc3 35. Kc2 Nd5 36. Kc1 Kc6 37. f3 Ng3 38. e4 Ne2+ 39. Kd2 Ndf4 40. Nxf4 Nxf4 41. h4 Kc5 42. Kc3 Ne2+ 43. Kd2 Nf4 44. Kc3 b4+ 45. axb4+ axb4+ 46. Kd2 Kb5 47. Ke3 Ne6 48. Nd3 Nd4 49. Nc1 Ne6 50. Nd3 Nd4 51. Nc1 Ne6 1/2-1/2

[Event "2BLS 2324 SC Eppingen - TSV Schönaich"]
[Site "?"]
[Date "2024.02.25"]
[Round "8.2"]
[White "Ruck, Robert"]
[Black "Deuer, Marius"]
[Result "1-0"]
[WhiteElo "2528"]
[BlackElo "2421"]
[PlyCount "109"]
[EventDate "2024.??.??"]

1. Nf3 Nf6 2. c4 c5 3. Nc3 Nc6 4. g3 d5 5. d4 cxd4 6. Nxd4 dxc4 7. Nxc6 Qxd1+ 8. Nxd1 bxc6 9. Bg2 Nd5 10. Ne3 e6 11. Nxc4 Ba6 12. b3 Bb4+ 13. Bd2 Ke7 14. Rc1 Rac8 15. Bxb4+ Nxb4 16. a3 Nd5 17. Na5 c5 18. O-O Rhd8 19. Rc2 Rd7 20. Rfc1 Rdc7 21. Bf1 Nb6 22. e3 Bxf1 23. Kxf1 e5 24. Ke2 Ke6 25. e4 g6 26. h4 h5 27. f3 Kf6 28. Nc4 Ke6 29. Na5 Kf6 30. Rd1 Ke6 31. Rcd2 Rd7 32. Rxd7 Nxd7 33. Nc4 Rb8 34. Rd6+ Ke7 35. Ra6 Rxb3 36. Rxa7 Ke6 37. Ra6+ Ke7 38. a4 Rb4 39. Ne3 Rb2+ 40. Kd3 Rb3+ 41. Kd2 Rb2+ 42. Kc1 Rb3 43. Nd5+ Kf8 44. Rd6 Ke8 45. Rc6 Kd8 46. Ra6 Kc8 47. Ra7 Rxf3 48. Ne7+ Kd8 49. Nc6+ Kc8 50. Rxd7 Rxg3 51. Rxf7 Rg4 52. a5 Rxh4 53. a6 Rxe4 54. Rf8+ Kc7 55. a7 1-0

[Event "2BLS 2324 SC Eppingen - TSV Schönaich"]
[Site "?"]
[Date "2024.02.25"]
[Round "8.3"]
[White "Iermito, Sebastian"]
[Black "Hacker, Jonas"]
[Result "1-0"]
[WhiteElo "2504"]
[BlackElo "2411"]
[PlyCount "115"]
[EventDate "2024.??.??"]

1. Nf3 d5 2. g3 Bg4 3. Bg2 c6 4. O-O Nd7 5. d4 Ngf6 6. h3 Bh5 7. c4 e6 8. Qb3 Qb6 9. Nc3 Be7 10. Nh4 O-O 11. g4 Bg6 12. Nxg6 hxg6 13. Rd1 Qa6 14. cxd5 exd5 15. g5 Ne8 16. e4 dxe4 17. Bxe4 Qb6 18. d5 c5 19. d6 Nxd6 20. Bxb7 Rab8 21. Qxb6 Nxb6 22. Bg2 Nf5 23. Bf4 Rbd8 24. Nb5 a6 25. Na7 Bd6 26. Nc6 Rd7 27. Bxd6 Rxd6 28. Ne7+ Kh7 29. Nxf5 Rxd1+ 30. Rxd1 gxf5 31. Bf1 c4 32. Rd6 Rb8 33. Rc6 Rb7 34. h4 g6 35. Bg2 Rb8 36. Rc7 Kg8 37. Bc6 Rd8 38. a4 a5 39. Bb5 Rd4 40. Rc6 Nd5 41. Bxc4 Ne7 42. Rc5 f4 43. b3 f3 44. Rxa5 Rg4+ 45. Kf1 Nc6 46. Rc5 Rxh4 47. Ke1 Re4+ 48. Kd2 Ne5 49. a5 Nxc4+ 50. Rxc4 Re2+ 51. Kc3 Rxf2 52. Rf4 f5 53. b4 Kf7 54. b5 Ke6 55. b6 Ke7 56. a6 Ra2 57. b7 Kd7 58. Rc4 1-0

[Event "2BLS 2324 SC Eppingen - TSV Schönaich"]
[Site "?"]
[Date "2024.02.25"]
[Round "8.4"]
[White "Medvegy, Zoltan"]
[Black "Korneev, Oleg"]
[Result "1/2-1/2"]
[WhiteElo "2509"]
[BlackElo "2478"]
[PlyCount "27"]
[EventDate "2024.??.??"]

1. c4 e5 2. Nc3 Nc6 3. Nf3 Nf6 4. e3 Bb4 5. Qc2 Bxc3 6. Qxc3 Qe7 7. d4 Ne4 8. Qd3 exd4 9. Nxd4 O-O 10. Be2 Nxd4 11. Qxd4 b6 12. O-O Bb7 13. b3 f5 14. Bb2 1/2-1/2

[Event "2BLS 2324 SC Eppingen - TSV Schönaich"]
[Site "?"]
[Date "2024.02.25"]
[Round "8.5"]
[White "Menezes, Christoph"]
[Black "Guliyev, Namig"]
[Result "0-1"]
[WhiteElo "2381"]
[BlackElo "2509"]
[PlyCount "62"]
[EventDate "2024.??.??"]

1. Nf3 d5 2. g3 Nc6 3. d4 Bf5 4. Bg2 Nb4 5. Na3 Nf6 6. O-O e6 7. Nh4 Bg4 8. c4 c6 9. cxd5 exd5 10. h3 Be6 11. Nb1 Qd7 12. Kh2 Ne4 13. Nc3 Be7 14. Nf3 f6 15. Ne1 g5 16. f3 Nd6 17. a3 Na6 18. e4 O-O-O 19. b3 Nc7 20. a4 Nf7 21. Be3 f5 22. Nd3 h5 23. exf5 Bxf5 24. Qd2 Bd6 25. f4 h4 26. fxg5 hxg3+ 27. Kg1 Bxh3 28. g6 Bxg2 29. Qxg2 Rh2 30. Qf3 Rdh8 31. gxf7 Rh1+ 0-1

[Event "2BLS 2324 SC Eppingen - TSV Schönaich"]
[Site "?"]
[Date "2024.02.25"]
[Round "8.6"]
[White "Gibicar, Danijel"]
[Black "Kocharin, Timur"]
[Result "1/2-1/2"]
[WhiteElo "2280"]
[BlackElo "2216"]
[PlyCount "78"]
[EventDate "2024.??.??"]

1. e4 c5 2. Nf3 d6 3. d4 cxd4 4. Nxd4 Nf6 5. Nc3 a6 6. Be3 Ng4 7. Bc1 Nf6 8. h3 Nc6 9. Be3 e5 10. Nb3 Be7 11. g4 h6 12. Qe2 b5 13. O-O-O b4 14. Nd5 Nxd5 15. exd5 Nb8 16. f4 Nd7 17. Kb1 Bf6 18. Qg2 exf4 19. Bxf4 Ne5 20. Nd4 O-O 21. Be2 Bd7 22. Nc6 Qb6 23. Bxe5 Bxe5 24. Nxe5 dxe5 25. Bd3 Qd6 26. h4 f5 27. gxf5 Bxf5 28. Rhg1 Ra7 29. Bxf5 Rxf5 30. Rgf1 Rxf1 31. Rxf1 Rd7 32. Rd1 a5 33. Qe4 a4 34. Qc4 a3 35. Rd3 Rc7 36. Qg4 axb2 37. Kxb2 Qc5 38. Qe2 e4 39. Rd1 e3 1/2-1/2

[Event "2BLS 2324 SC Eppingen - TSV Schönaich"]
[Site "?"]
[Date "2024.02.25"]
[Round "8.7"]
[White "Beyer, Christian"]
[Black "Mann, Christian"]
[Result "0-1"]
[WhiteElo "2227"]
[BlackElo "2385"]
[PlyCount "96"]
[EventDate "2024.??.??"]

1. e4 e6 2. d4 d5 3. Nc3 Bb4 4. e5 b6 5. a3 Bf8 6. Nf3 Qd7 7. b4 c5 8. dxc5 bxc5 9. Bb5 Nc6 10. bxc5 Bxc5 11. Na4 Bb6 12. Nxb6 axb6 13. Nd4 Nge7 14. Qg4 Kf8 15. Nxc6 Nxc6 16. Bb2 Ba6 17. Qa4 Bb7 18. Qb3 Qc7 19. O-O Na5 20. Qb4+ Kg8 21. Bd4 Ba6 22. a4 h6 23. Bxa6 Rxa6 24. Qb5 Qc4 25. Bxb6 Qxb5 26. axb5 Rxb6 27. Rxa5 Kh7 28. Rb1 Rc8 29. Ra6 Rb7 30. Rb2 Kg6 31. b6 Kf5 32. Ra7 Rcb8 33. Rxb7 Rxb7 34. Rb5 Ke4 35. g4 Kd4 36. h4 Kc4 37. Rb3 Kc5 38. h5 Rxb6 39. Rxb6 Kxb6 40. f4 Kc5 41. f5 exf5 42. gxf5 d4 43. Kf2 Kd5 44. f6 gxf6 45. exf6 Ke5 46. Kg3 Ke4 47. Kg4 d3 48. cxd3+ Kxd3 0-1

[Event "2BLS 2324 SC Eppingen - TSV Schönaich"]
[Site "?"]
[Date "2024.02.25"]
[Round "8.8"]
[White "Cofmann, Veaceslav"]
[Black "Brunner, Jan"]
[Result "1/2-1/2"]
[WhiteElo "2244"]
[BlackElo "2225"]
[PlyCount "42"]
[EventDate "2024.??.??"]

1. d4 Nf6 2. c4 e6 3. Nc3 Bb4 4. Qc2 d5 5. cxd5 Qxd5 6. Nf3 Qf5 7. Qxf5 exf5 8. Bd2 c6 9. e3 O-O 10. Bc4 Be6 11. Bxe6 fxe6 12. O-O Nbd7 13. Rfd1 Rfe8 14. Be1 e5 15. dxe5 Nxe5 16. Nxe5 Rxe5 17. a3 Bf8 18. Ne2 Ree8 19. Rd3 Rad8 20. Rad1 Be7 21. Nf4 Kf7 1/2-1/2

[Event "2BLS 2324 SC Viernheim II - OSG Baden-Ba"]
[Site "?"]
[Date "2024.03.16"]
[Round "9.1"]
[White "Dann, Matthias"]
[Black "Velten, Paul"]
[Result "0-1"]
[WhiteElo "2476"]
[BlackElo "2475"]
[PlyCount "64"]
[EventDate "2024.??.??"]

1. e4 e6 2. d4 d5 3. e5 c5 4. c3 Nc6 5. Nf3 Bd7 6. Be2 Nge7 7. Na3 cxd4 8. cxd4 f6 9. Nb5 Ng6 10. exf6 gxf6 11. h4 a6 12. h5 Nge5 13. dxe5 axb5 14. exf6 Qxf6 15. Bxb5 Rg8 16. Kf1 O-O-O 17. Be3 d4 18. Bd2 e5 19. Qe2 Rg4 20. Rc1 Kb8 21. Bxc6 Bxc6 22. Rxc6 Qxc6 23. Qxe5+ Bd6 24. Qe2 Rdg8 25. Rh4 Rxg2 26. Qd3 Rg1+ 27. Nxg1 Qg2+ 28. Ke2 Re8+ 29. Kd1 Qxg1+ 30. Kc2 Rc8+ 31. Kb3 Qd1+ 32. Qc2 Qxc2# 0-1

[Event "2BLS 2324 SC Viernheim II - OSG Baden-Ba"]
[Site "?"]
[Date "2024.03.16"]
[Round "9.2"]
[White "Dobrikov, Marco"]
[Black "Martin, Julian"]
[Result "0-1"]
[WhiteElo "2362"]
[BlackElo "2408"]
[PlyCount "44"]
[EventDate "2024.??.??"]

1. d4 Nf6 2. c4 e6 3. Nf3 d5 4. Nc3 dxc4 5. e3 a6 6. a4 b6 7. Bxc4 Bb7 8. O-O Bb4 9. Qb3 Qe7 10. Ne5 O-O 11. Bd2 Nc6 12. Nxc6 Bxc6 13. Nd5 exd5 14. Bxb4 dxc4 15. Bxe7 cxb3 16. Bxf8 Kxf8 17. Rfc1 Be4 18. Rxc7 Nd5 19. Rc4 a5 20. Rc6 Rb8 21. f3 Bc2 22. Rc1 Nxe3 0-1

[Event "2BLS 2324 SC Viernheim II - OSG Baden-Ba"]
[Site "?"]
[Date "2024.03.16"]
[Round "9.3"]
[White "Schmider, Niklas"]
[Black "Aizpurua, Patrick Emilio"]
[Result "1/2-1/2"]
[WhiteElo "2421"]
[BlackElo "2314"]
[PlyCount "111"]
[EventDate "2024.??.??"]

1. e4 e5 2. Nf3 Nc6 3. Bb5 a6 4. Ba4 Nf6 5. O-O Be7 6. Re1 b5 7. Bb3 d6 8. c3 O-O 9. h3 Na5 10. Bc2 c5 11. d4 Qc7 12. d5 Nc4 13. b3 Nb6 14. a4 Bd7 15. a5 Nc8 16. c4 Bd8 17. Nc3 Ne7 18. Nh4 Kh8 19. Kh2 Nfg8 20. Qf3 g6 21. Qg3 Nc8 22. f4 Bf6 23. f5 Nce7 24. Rf1 Qd8 25. fxg6 fxg6 26. Bd2 b4 27. Ne2 Bg7 28. Nf3 Nf6 29. Qh4 Neg8 30. Ng5 Qe7 31. g4 h6 32. Nf3 Nh7 33. g5 hxg5 34. Nxg5 Bf6 35. Rg1 Qg7 36. Rg2 Be7 37. Rag1 Bxg5 38. Bxg5 Rf3 39. Ng3 Qf7 40. Bd1 Rf2 41. Nh1 Rxg2+ 42. Rxg2 Rf8 43. Be3 Qf6 44. Qg3 Be8 45. Nf2 Qe7 46. Ng4 Ngf6 47. Bh6 Nxg4+ 48. Bxg4 Rf6 49. h4 Qc7 50. Bf5 Qf7 51. h5 g5 52. Bxg5 Nxg5 53. Qxg5 Qxh5+ 54. Qxh5+ Bxh5 55. Bc8 Rf8 56. Bf5 1/2-1/2

[Event "2BLS 2324 SC Viernheim II - OSG Baden-Ba"]
[Site "?"]
[Date "2024.03.16"]
[Round "9.4"]
[White "Meinhardt, Maximilian"]
[Black "Hagner, Bennet"]
[Result "1-0"]
[WhiteElo "2372"]
[BlackElo "2354"]
[PlyCount "67"]
[EventDate "2024.??.??"]

1. e4 c5 2. Nc3 d6 3. g3 g6 4. Bg2 Bg7 5. d3 Nc6 6. f4 e6 7. Nf3 Nge7 8. O-O O-O 9. Be3 Nd4 10. e5 Nef5 11. Bf2 Nxf3+ 12. Qxf3 Nd4 13. Qd1 dxe5 14. fxe5 Bxe5 15. Ne4 Nf5 16. c3 c4 17. dxc4 Qc7 18. Qf3 Bd7 19. Rae1 Bc6 20. b4 Nd6 21. Nf6+ Kg7 22. Nd5 exd5 23. Rxe5 dxc4 24. Qf4 Bxg2 25. Bd4 f6 26. Kxg2 Nf5 27. Rxf5 Qc6+ 28. Kg1 gxf5 29. Qxf5 Kg8 30. Qg4+ Kh8 31. Qg5 Qe4 32. Rxf6 Rg8 33. Qh6 Rg7 34. Rf8+ 1-0

[Event "2BLS 2324 SC Viernheim II - OSG Baden-Ba"]
[Site "?"]
[Date "2024.03.16"]
[Round "9.5"]
[White "Demuth, Adrien"]
[Black "Lanka, Zigurds"]
[Result "1-0"]
[WhiteElo "2515"]
[BlackElo "2357"]
[PlyCount "87"]
[EventDate "2024.??.??"]

1. Nf3 Nf6 2. c4 c5 3. g3 g6 4. b3 Bg7 5. Bb2 d6 6. Bg2 e5 7. d3 Nc6 8. Nc3 Rb8 9. O-O O-O 10. a3 a6 11. Nd2 h5 12. b4 cxb4 13. axb4 h4 14. b5 Nd4 15. e3 Ne6 16. Ba3 hxg3 17. hxg3 Ne8 18. bxa6 bxa6 19. Rb1 Rxb1 20. Qxb1 f5 21. Nd5 Rf7 22. Qb8 Bb7 23. Qxd8 Nxd8 24. Rb1 Bf8 25. Rb6 Kg7 26. Nb3 Nc6 27. f4 Kh6 28. Nc3 Nd8 29. Na5 Bxg2 30. Kxg2 exf4 31. Rb8 f3+ 32. Kxf3 Be7 33. Nb7 Nxb7 34. Rxe8 g5 35. Nd5 Bf8 36. Ra8 a5 37. Ra7 Nd8 38. Ra6 Kh5 39. Bxd6 Bh6 40. Be7 g4+ 41. Ke2 Bg5 42. Bxd8 Bxd8 43. Nf4+ Kg5 44. Rg6# 1-0

[Event "2BLS 2324 SC Viernheim II - OSG Baden-Ba"]
[Site "?"]
[Date "2024.03.16"]
[Round "9.6"]
[White "Engemann, Till"]
[Black "Riff, Jean-Noel"]
[Result "0-1"]
[WhiteElo "2086"]
[BlackElo "2401"]
[PlyCount "66"]
[EventDate "2024.??.??"]

1. d4 Nf6 2. c4 e6 3. Nc3 Bb4 4. Qc2 Nc6 5. Nf3 d6 6. Bd2 Qe7 7. a3 Bxc3 8. Bxc3 e5 9. d5 Nb8 10. e4 O-O 11. Be2 Bg4 12. O-O Nbd7 13. b4 Rfc8 14. Rfc1 c6 15. Qd3 cxd5 16. cxd5 Nb6 17. Bd2 h6 18. h3 Bd7 19. Be3 Nh5 20. Qd2 Qf6 21. Ne1 Nf4 22. Bf1 g5 23. Kh2 Qg6 24. g3 Nxh3 25. Bxb6 Qh5 26. Be2 g4 27. Be3 Nxf2+ 28. Kg1 Nxe4 29. Qd3 Nxg3 30. Bd2 Qh1+ 31. Kf2 Ne4+ 32. Ke3 Qg1+ 33. Kxe4 f5# 0-1

[Event "2BLS 2324 SC Viernheim II - OSG Baden-Ba"]
[Site "?"]
[Date "2024.03.16"]
[Round "9.7"]
[White "Breder, Dennis"]
[Black "Mueller, Michael"]
[Result "1-0"]
[WhiteElo "2412"]
[BlackElo "2069"]
[PlyCount "175"]
[EventDate "2024.??.??"]

1. e4 c5 2. Nf3 d6 3. Bb5+ Bd7 4. Bxd7+ Qxd7 5. O-O Nc6 6. c3 Nf6 7. d4 e5 8. dxe5 dxe5 9. Qe2 Rd8 10. Bg5 Be7 11. Na3 O-O 12. Nc4 Qe6 13. Bxf6 Bxf6 14. Ne3 Ne7 15. a4 Rd7 16. Qb5 Rc8 17. Rfd1 Rdc7 18. Rd2 Qc6 19. Rad1 h6 20. Qxc6 bxc6 21. Nc4 Ng6 22. g3 Kf8 23. Kg2 Ke7 24. h4 h5 25. Ne1 Nf8 26. Nd3 g5 27. Ncxe5 gxh4 28. Nc4 Ne6 29. e5 Bg5 30. f4 Rg8 31. fxg5 Rxg5 32. Rf1 Rxg3+ 33. Kh1 Ng5 34. Nd6 Rh3+ 35. Kg2 Rg3+ 36. Kf2 Kf8 37. Nxc5 Kg8 38. Nf5 Rf3+ 39. Ke2 Rxf1 40. Kxf1 Nf3 41. Re2 Kh7 42. Kg2 Ng5 43. Nxh4 Rc8 44. Nf3 Rg8 45. Nxg5+ Rxg5+ 46. Kf3 Rf5+ 47. Kg3 Rg5+ 48. Kf4 Rg4+ 49. Kf5 Rc4 50. Ne4 Rxa4 51. Kf6 Kg8 52. Kg5 Ra5 53. Nf6+ Kf8 54. Nxh5 Ke7 55. Kf5 Ra1 56. Rd2 a5 57. Nf4 Ra2 58. Nd3 Ra1 59. Nc5 Rf1+ 60. Ke4 Re1+ 61. Kd4 Ra1 62. Nb3 Ra2 63. Kc5 a4 64. Nc1 Ra1 65. Nd3 Kd7 66. Nb4+ Ke6 67. Nxc6 Ra2 68. Kb4 Kf5 69. Re2 Ke6 70. c4 Ra1 71. Nd4+ Kd7 72. Nc2 Rd1 73. Kxa4 Ke6 74. Kb5 Rd8 75. b4 Rb8+ 76. Kc5 Rc8+ 77. Kd4 Rd8+ 78. Kc3 Rh8 79. Nd4+ Kd7 80. b5 Rh4 81. c5 Kc7 82. Kc4 Kd7 83. Kd5 Rh1 84. b6 Rb1 85. Ra2 Kc8 86. Kc6 Kb8 87. Nb5 Rh1 88. b7 1-0

[Event "2BLS 2324 SC Viernheim II - OSG Baden-Ba"]
[Site "?"]
[Date "2024.03.16"]
[Round "9.8"]
[White "Schmohel, Andreas"]
[Black "Semling, Johannes"]
[Result "1/2-1/2"]
[WhiteElo "2039"]
[BlackElo "2143"]
[PlyCount "82"]
[EventDate "2024.??.??"]

1. e4 e6 2. d4 d5 3. e5 c5 4. c3 Nc6 5. Nf3 Qb6 6. Bd3 cxd4 7. O-O Bd7 8. Re1 Nge7 9. h4 a6 10. a3 f6 11. exf6 gxf6 12. Nxd4 Nxd4 13. Qh5+ Kd8 14. cxd4 Qxd4 15. Rd1 Qe5 16. Qf3 Ba4 17. Rf1 Bc6 18. Bf4 Qxb2 19. Nd2 e5 20. Rfb1 Qd4 21. Be3 Qxh4 22. g3 Rg8 23. Bb6+ Ke8 24. Rb4 Qg5 25. Bxh7 Rh8 26. Rh4 e4 27. Qh1 Qxd2 28. Rf4 Rxh7 29. Qxh7 Qb2 30. Qh5+ Kd7 31. Qg4+ Ke8 32. Qh5+ Kd7 33. Qg4+ Kd6 34. Rd1 f5 35. Rxf5 Qxb6 36. Rf6+ Kc7 37. Qf4+ Kd7 38. Qg4+ Ke8 39. Qh5+ Kd7 40. Qg4+ Kc7 41. Qf4+ Kd7 1/2-1/2

[Event "2BLS 2324 SV 1947 Walldorf - SC Eppingen"]
[Site "?"]
[Date "2024.03.16"]
[Round "9.1"]
[White "Acs, Peter"]
[Black "Gschnitzer, Adrian"]
[Result "1/2-1/2"]
[WhiteElo "2580"]
[BlackElo "2423"]
[PlyCount "51"]
[EventDate "2024.??.??"]

1. e4 c5 2. Nf3 d6 3. d4 cxd4 4. Nxd4 Nf6 5. Nc3 a6 6. h3 e5 7. Nb3 Be7 8. g4 h6 9. Bg2 Qc7 10. f4 Be6 11. g5 hxg5 12. fxg5 Nh5 13. Qf3 Nd7 14. O-O O-O-O 15. Be3 Rdf8 16. Rad1 f5 17. Nd5 Bxd5 18. Rxd5 fxe4 19. Qg4 Rxf1+ 20. Bxf1 Rf8 21. Qxh5 Rxf1+ 22. Kxf1 Qc4+ 23. Ke1 Qxd5 24. Qe8+ Bd8 25. h4 Qc4 26. c3 1/2-1/2

[Event "2BLS 2324 SV 1947 Walldorf - SC Eppingen"]
[Site "?"]
[Date "2024.03.16"]
[Round "9.2"]
[White "Muckle, Julius"]
[Black "Noe, Christopher"]
[Result "0-1"]
[WhiteElo "2389"]
[BlackElo "2527"]
[PlyCount "116"]
[EventDate "2024.??.??"]

1. d4 Nf6 2. c4 e6 3. Nf3 Bb4+ 4. Nbd2 b6 5. a3 Bxd2+ 6. Bxd2 Bb7 7. Bg5 h6 8. Bh4 d6 9. e3 Nbd7 10. Be2 g5 11. Bg3 Ne4 12. d5 Ndf6 13. dxe6 fxe6 14. Nd4 Qd7 15. Bh5+ Ke7 16. Bf3 e5 17. Ne2 h5 18. Bxe4 Nxe4 19. f3 Nf6 20. h4 Rhg8 21. Qc2 g4 22. e4 Qe6 23. O-O-O gxf3 24. gxf3 Nd7 25. Bf2 Rgf8 26. Qc3 Bxe4 27. fxe4 Rxf2 28. Ng3 Nc5 29. Rhf1 Rxf1 30. Rxf1 Rg8 31. Nf5+ Kd7 32. b3 Nxe4 33. Qe3 Nc5 34. Nh6 Rg7 35. Rf5 Nxb3+ 36. Qxb3 Qxh6+ 37. Kd1 Rg1+ 38. Ke2 Qg6 39. Qf3 Qg2+ 40. Qxg2 Rxg2+ 41. Kf3 Rg4 42. Rxh5 Rxc4 43. Rh7+ Ke6 44. h5 Kf6 45. Ke3 Kg5 46. Kd3 b5 47. h6 a5 48. Rh8 Rd4+ 49. Kc3 b4+ 50. axb4 axb4+ 51. Kb3 c5 52. Ka4 e4 53. Kb3 Kg6 54. Ka4 e3 55. Re8 Rd3 56. Re6+ Kh7 57. Kb5 b3 58. Kc4 b2 0-1

[Event "2BLS 2324 SV 1947 Walldorf - SC Eppingen"]
[Site "?"]
[Date "2024.03.16"]
[Round "9.3"]
[White "Hacker, Jonas"]
[Black "Faerber, David"]
[Result "1/2-1/2"]
[WhiteElo "2399"]
[BlackElo "2394"]
[PlyCount "156"]
[EventDate "2024.??.??"]

1. e4 e5 2. Nf3 Nc6 3. Bc4 Nf6 4. Ng5 d5 5. exd5 Na5 6. Bb5+ c6 7. dxc6 bxc6 8. Bd3 Nd5 9. Nf3 Bd6 10. O-O O-O 11. Re1 f5 12. Nxe5 Qf6 13. Nf3 g5 14. c4 Nf4 15. Bf1 g4 16. d4 gxf3 17. Qxf3 Ne6 18. Qc3 Nxd4 19. c5 Be5 20. Qxa5 f4 21. Nd2 Bf5 22. Nc4 Nf3+ 23. Kh1 Nxe1 24. Qxe1 Rae8 25. Nxe5 Rxe5 26. Qc3 f3 27. Bg5 Qh8 28. Qxf3 Be4 29. Qg3 Qg7 30. Be3 Qxg3 31. hxg3 Rd8 32. Be2 Bd3 33. Bf3 Be4 34. Be2 Bd3 35. Bd1 Bc4 36. Bf3 Bd5 37. Be2 Rb8 38. b3 Rbe8 39. Rc1 Rxe3 40. fxe3 Rxe3 41. Bc4 Bxc4 42. Rxc4 Rxg3 43. Ra4 Rg5 44. Ra5 Rg7 45. Kh2 h6 46. Kh3 Kh7 47. Ra6 Rc7 48. Ra4 Kg6 49. Rd4 Kg5 50. Rd8 Re7 51. Rg8+ Kf5 52. Rc8 Re2 53. Rxc6 Rxa2 54. Rxh6 Rb2 55. g4+ Kg5 56. Rh5+ Kg6 57. Rd5 Rxb3+ 58. Kh4 Rc3 59. Rd6+ Kf7 60. Rc6 a5 61. g5 a4 62. g6+ Kg7 63. Kg5 a3 64. Rc7+ Kg8 65. Kf6 Rf3+ 66. Ke5 a2 67. Ra7 Rf2 68. Kd4 Rc2 69. Kd5 Rd2+ 70. Ke4 Re2+ 71. Kd4 Kf8 72. Kd5 Rd2+ 73. Kc6 Rc2 74. Rf7+ Kg8 75. Ra7 Kf8 76. Kd6 Rd2+ 77. Kc7 Kg7 78. Ra6 Rc2 1/2-1/2

[Event "2BLS 2324 SV 1947 Walldorf - SC Eppingen"]
[Site "?"]
[Date "2024.03.16"]
[Round "9.4"]
[White "Vonthron, Horst"]
[Black "Medvegy, Zoltan"]
[Result "1/2-1/2"]
[WhiteElo "2350"]
[BlackElo "2501"]
[PlyCount "120"]
[EventDate "2024.??.??"]

1. d4 Nf6 2. Nf3 e6 3. c4 d5 4. Nc3 h6 5. e3 a6 6. a3 dxc4 7. Bxc4 c5 8. O-O b5 9. Be2 Bb7 10. dxc5 Bxc5 11. Qxd8+ Kxd8 12. b4 Bd6 13. Bb2 Ke7 14. a4 Bxb4 15. axb5 a5 16. Nd4 Rc8 17. Rfc1 Nbd7 18. Na4 Rxc1+ 19. Rxc1 Nd5 20. Nc6+ Kf8 21. Bd4 Rc8 22. Bf3 Bd6 23. Bxd5 exd5 24. Rc3 Bb4 25. Nxb4 axb4 26. Rxc8+ Bxc8 27. Nc5 Nxc5 28. Bxc5+ Ke8 29. Bxb4 d4 30. exd4 Bd7 31. b6 Bc6 32. f3 h5 33. Kf2 Kd7 34. Ke3 Ke6 35. Kf4 f6 36. h4 Bb7 37. Bf8 g6 38. Bg7 f5 39. Be5 Bc6 40. Ke3 Kd5 41. Kd3 Bb7 42. Bf6 Ke6 43. Bd8 Kd5 44. Be7 Ke6 45. Bf8 Kd5 46. Kc3 Kc6 47. Bc5 Ba6 48. Kb4 Bc8 49. Kc4 Ba6+ 50. Kc3 Bb7 51. Kd3 Kb5 52. Kd2 Kc4 53. Ke2 Kd5 54. Ke3 Ke6 55. Kf2 Kf6 56. Ke1 Ke6 57. Kd1 Kd5 58. Kc2 Kc4 59. Kb2 Ba8 60. Kc2 Bb7 1/2-1/2

[Event "2BLS 2324 SV 1947 Walldorf - SC Eppingen"]
[Site "?"]
[Date "2024.03.16"]
[Round "9.5"]
[White "Guliyev, Namig"]
[Black "Gschnitzer, Oswald"]
[Result "1-0"]
[WhiteElo "2508"]
[BlackElo "2344"]
[PlyCount "99"]
[EventDate "2024.??.??"]

1. e4 e5 2. Nf3 Nc6 3. Bb5 a6 4. Ba4 Nf6 5. O-O Be7 6. Re1 b5 7. Bb3 d6 8. c3 O-O 9. d4 Bg4 10. d5 Na5 11. Bc2 c6 12. h3 Bc8 13. dxc6 Qc7 14. Bg5 Nc4 15. b3 Nb6 16. Nbd2 Qxc6 17. Re3 Re8 18. Rc1 Be6 19. Bd3 Rac8 20. c4 Nfd7 21. Rc2 b4 22. Nf1 Nc5 23. Bxe7 Rxe7 24. Rd2 h6 25. Bc2 Nb7 26. Nh4 Nd7 27. Ng3 Nf6 28. Ngf5 Bxf5 29. Nxf5 Re6 30. Rg3 g6 31. Nxh6+ Kg7 32. Nf5+ Kf8 33. Ne3 Nxe4 34. Bxe4 Qxe4 35. Rg4 Qc6 36. Nd5 a5 37. Rd3 Kg7 38. h4 Rh8 39. Rh3 Nc5 40. h5 f5 41. Rgg3 Ne4 42. Re3 Qc5 43. Rxe4 fxe4 44. Qg4 Qc8 45. Ne7 Rxe7 46. Qxg6+ Kf8 47. Qf6+ Ke8 48. Qxh8+ Kd7 49. Qxc8+ Kxc8 50. h6 1-0

[Event "2BLS 2324 SV 1947 Walldorf - SC Eppingen"]
[Site "?"]
[Date "2024.03.16"]
[Round "9.6"]
[White "Fichter, Fabian"]
[Black "Juhasz, Armin"]
[Result "1-0"]
[WhiteElo "2274"]
[BlackElo "2391"]
[PlyCount "107"]
[EventDate "2024.??.??"]

1. e4 c6 2. d4 d5 3. f3 e6 4. Nc3 Bb4 5. Nge2 Ne7 6. Qd3 O-O 7. Bd2 Nd7 8. Nb1 a5 9. c3 Bd6 10. e5 Bc7 11. f4 f6 12. Na3 b5 13. Qh3 Nb6 14. Ng3 Nc4 15. Bd3 f5 16. Nxc4 dxc4 17. Be2 Nd5 18. a4 Rb8 19. O-O Nb6 20. axb5 cxb5 21. Nh5 Nd5 22. Bf3 Rf7 23. g4 fxg4 24. Bxg4 Qd7 25. Rf2 g6 26. Ng3 Bd8 27. Ne4 Be7 28. Rxa5 b4 29. Ra1 bxc3 30. bxc3 Rb2 31. Raf1 Qc6 32. Qg3 Bb7 33. Bf3 Qd7 34. Bg2 Rf5 35. Bh3 Qc6 36. Re2 Rf7 37. Qg4 Nc7 38. Bg2 Qd7 39. h4 Kh8 40. Kh2 Rf5 41. Ng3 Rf8 42. h5 Rg8 43. Bxb7 Rxb7 44. Rg2 Rbb8 45. Rfg1 Qc6 46. Qe2 Rg7 47. hxg6 hxg6 48. Nh5 Rh7 49. Rxg6 Qe8 50. Qg4 Qf7 51. Rg2 Nd5 52. Kg1 Rf8 53. Rg7 Rxg7 54. Nxg7 1-0

[Event "2BLS 2324 SV 1947 Walldorf - SC Eppingen"]
[Site "?"]
[Date "2024.03.16"]
[Round "9.7"]
[White "Gibicar, Danijel"]
[Black "Hauser, Carlos"]
[Result "1/2-1/2"]
[WhiteElo "2265"]
[BlackElo "2209"]
[PlyCount "71"]
[EventDate "2024.??.??"]

1. e4 c5 2. Nf3 Nc6 3. d4 cxd4 4. Nxd4 Nf6 5. Nc3 e5 6. Ndb5 d6 7. Bg5 a6 8. Na3 b5 9. Nd5 Be7 10. Bxf6 Bxf6 11. c3 O-O 12. Nc2 Rb8 13. h4 Be7 14. g3 Be6 15. Bg2 Qd7 16. Nce3 Bd8 17. O-O Ne7 18. Qd3 Bb6 19. Nxb6 Rxb6 20. Rfd1 Qc7 21. Bf3 Kh8 22. Bg4 Qc8 23. Bxe6 fxe6 24. Rd2 Ng8 25. Qe2 Nf6 26. Ng4 Ne8 27. Rad1 Qc6 28. Qe3 Rb7 29. f3 Rbf7 30. Nh2 Qc7 31. Kg2 Rf6 32. Rd3 Rg6 33. Ng4 h5 34. Nf2 Qe7 35. Kh2 Nf6 36. Nh3 1/2-1/2